Statistics for Country Flags With Animals

Click here to take the quiz!

General Stats

  • This quiz has been taken 12 times
  • The average score is 20 of 24

Answer Stats

Answer% Correct
Albania
100%
Kazakhstan
92%
Mexico
92%
Spain
92%
Andorra
83%
Belize
83%
Bhutan
83%
Egypt
83%
Fiji
83%
Kiribati
83%
Malta
83%
Papua New Guinea
83%
Serbia
83%
Sri Lanka
83%
Uganda
83%
Bolivia
75%
Croatia
75%
Dominica
75%
Ecuador
75%
Guatemala
75%
Moldova
75%
Montenegro
75%
Zambia
75%
Zimbabwe
75%

Score Distribution

Percentile by Number Answered

Percent of People with Each Score

Your Score History

You have not taken this quiz